000
00247nam a2200097Ia 4500
001
1203640
005
20250827022713.0
008
250824s9999 xx 000 0 und d
245
0
_a
KÜÇÜK ŞEYLER 3
_c
ÜSTÜN DÖKMEN
260
_b
REMZİ KİTABEVİ
999
_c
1203640
_d
1203640